Podnikatelský mýtus proč většina malých firem zkrachuje a co proti tomu dělat
Uložené v:
| Hlavný autor: | |
|---|---|
| Ďalší autori: | |
| Médium: | Kniha |
| Jazyk: | Czech |
| Vydavateľské údaje: |
Praha
Management Press, Ringier ČR
1997
|
| Predmet: | |
| Tagy: |
Žiadne tagy, Buďte prvý, kto otaguje tento záznam!
|
MARC
| LEADER | 00000nam a2200000 4500 | ||
|---|---|---|---|
| 001 | c100271 | ||
| 005 | 20221124073809.2 | ||
| 020 | |a 80-85943-36-0 | ||
| 041 | 0 | |a cze | |
| 044 | |a CZ | ||
| 245 | 1 | 0 | |a Podnikatelský mýtus |b proč většina malých firem zkrachuje a co proti tomu dělat |c Michael E. Gerber |
| 264 | 1 | |a Praha |b Management Press, Ringier ČR |c 1997 | |
| 300 | |a 199 s. | ||
| 610 | 2 | 0 | |a podnikanie |
| 610 | 2 | 0 | |a podnik malý |
| 610 | 2 | 0 | |a podnikanie drobné |
| 610 | 2 | 0 | |a stratégia marketingová |
| 610 | 2 | 0 | |a manažéri |
| 610 | 2 | 0 | |a rozvoj podniku |
| 100 | 1 | |a Gerber, Michael E. | |
| 700 | 1 | |a Medek, Pavel | |